| 000 | 00670nam a22001937a 4500 | ||
|---|---|---|---|
| 003 | 0 | ||
| 005 | 20240822084323.0 | ||
| 008 | 240822b xxu||||| |||| 00| 0 eng d | ||
| 020 | _a978-0-357-37396-5 | ||
| 050 |
_aBF 121 _b.P37 2022 |
||
| 100 | _aPastorino, Ellen | ||
| 245 |
_aWhat is psychology? _bfoundations, applications, and integration _cEllen Pastorino and Susann Doyle-Portillo |
||
| 250 | _aFifth edition | ||
| 260 |
_aBoston, Massachusetts _bCengage _c2022 |
||
| 300 |
_axxvii, 834 pages : _bcolored illustrations and pictures ; _c27cm. |
||
| 504 | _aIncludes bibliographical references, glossary, and index. | ||
| 650 | _aPsychology. | ||
| 942 |
_2lcc _cBK |
||
| 999 |
_c366138 _d366138 |
||